00393nam a2200145Ia 4500003000400000005001700004008004000021040001000061082001700071100002800088245004200116260005400158300001500212650002000227OSt20250712091503.0210210b1984 xxu||||| |||| 00| 0 eng d aALc  a621.381 BHAB aBhargava N N and others aBasic electronics and linear circuits aNDbTata McGraw-Hill Publishing Company Ltdc1984 axiii,490p. aLinear circuits